UM Logo

The impact of participation in an outdoor educational program on physical education teacher education student self-efficacy to teach outdoor education / (Record no. 21179)

MARC details
000 -LEADER
fixed length control field 01033nam a22002177a 4500
005 - DATE AND TIME OF LATEST TRANSACTION
control field 20250827143104.0
008 - FIXED-LENGTH DATA ELEMENTS--GENERAL INFORMATION
fixed length control field 240902b ||||| |||| 00| 0 eng d
082 ## - DEWEY DECIMAL CLASSIFICATION NUMBER
Classification number DPer 796.07 J826 July-October 2019 January-April 2020 v. 38, 39 n. 3-4, 1-2
100 ## - MAIN ENTRY--PERSONAL NAME
Personal name Hovey, Kate.
Relator term author.
9 (RLIN) 59803
245 ## - TITLE STATEMENT
Title The impact of participation in an outdoor educational program on physical education teacher education student self-efficacy to teach outdoor education /
Statement of responsibility, etc. Kate Hovey, Diana Niland, and John T. Foley.
260 ## - PUBLICATION, DISTRIBUTION, ETC. (IMPRINT)
Place of publication, distribution, etc. Champaign, Illinois ;
Name of publisher, distributor, etc. Human Kinetics, Inc. ,
Date of publication, distribution, etc. January 2020.
300 ## - PHYSICAL DESCRIPTION
Extent Volume 39, pages 18-27 :
Other physical details illustration ;
Dimensions 28 cm.
500 ## - GENERAL NOTE
General note Journal of Teaching in Physical Education, vol. 39, no. 1, pages 18-27, January 2020.
650 #0 - SUBJECT ADDED ENTRY--TOPICAL TERM
Topical term or geographic name as entry element Adventure education.
9 (RLIN) 67079
650 #0 - SUBJECT ADDED ENTRY--TOPICAL TERM
Topical term or geographic name as entry element Self-confidence.
9 (RLIN) 33897
650 #0 - SUBJECT ADDED ENTRY--TOPICAL TERM
Topical term or geographic name as entry element Teachers -- Training.
9 (RLIN) 43269
700 ## - ADDED ENTRY--PERSONAL NAME
Personal name Hovey, Kate.
Relator term author.
9 (RLIN) 59803
700 ## - ADDED ENTRY--PERSONAL NAME
Personal name Niland, Diana.
Relator term author.
9 (RLIN) 59804
700 ## - ADDED ENTRY--PERSONAL NAME
Personal name Foley, John T.
Relator term author.
9 (RLIN) 59805
942 ## - ADDED ENTRY ELEMENTS (KOHA)
Source of classification or shelving scheme Dewey Decimal Classification
Koha item type Periodicals
Holdings
Withdrawn status Lost status Source of classification or shelving scheme Damaged status Not for loan Collection code Home library Current library Date acquired Total Checkouts Full call number Date last seen Price effective from Koha item type Public note
    Dewey Decimal Classification     Periodicals UM Digos College - LIC UM Digos College - LIC 09/02/2024   DPer 796.07 J826 July-October 2019 January-April 2020 v. 38, 39 n. 3-4, 1-2 09/02/2024 09/02/2024 Periodicals Periodical Article